000 00242nam a2200097Ia 4500
001 796284
005 20250826170744.0
008 250824s9999 xx 000 0 und d
245 0 _aMELEKLERİN ATEŞİ
_cBEAR GRYLLS
260 _bPORTAKAL YAYINLARI
999 _c796284
_d796284